[Event "Russian Championship (Rapid, Men)"]
[Site "Sochi"]
[Date "2018.10.05"]
[Round "3.13"]
[White "Lysyj, Igor"]
[Black "Kezin, Roman"]
[Result "1/2-1/2"]
[BlackElo "2462"]
[WhiteElo "2644"]
[LiveChessVersion "1.4.8"]

1. d4 {[%clk 0:15:14]} d5 {[%clk 0:15:18]} 2. c4 {[%clk 0:15:22]} e6
{[%clk 0:15:26]} 3. Nf3 {[%clk 0:15:30]} Nf6 {[%clk 0:15:35]} 4. g3
{[%clk 0:15:38]} Be7 {[%clk 0:15:43]} 5. Bg2 {[%clk 0:15:35]} O-O
{[%clk 0:15:50]} 6. b3 {[%clk 0:15:39]} dxc4 {[%clk 0:14:47]} 7. bxc4
{[%clk 0:15:47]} c5 {[%clk 0:14:56]} 8. O-O {[%clk 0:15:52]} cxd4
{[%clk 0:13:04]} 9. Nxd4 {[%clk 0:16:00]} Qb6 {[%clk 0:13:02]} 10. Nb3
{[%clk 0:14:21]} Rd8 {[%clk 0:12:19]} 11. Qc2 {[%clk 0:14:28]} Nc6
{[%clk 0:12:26]} 12. Nc3 {[%clk 0:13:33]} Bd7 {[%clk 0:11:01]} 13. Be3
{[%clk 0:11:00]} Qa6 {[%clk 0:10:52]} 14. c5 {[%clk 0:07:26]} Nb4
{[%clk 0:10:06]} 15. Qb2 {[%clk 0:07:23]} Bc6 {[%clk 0:10:14]} 16. Bxc6
{[%clk 0:07:19]} Nxc6 {[%clk 0:10:03]} 17. Rad1 {[%clk 0:06:54]} h6
{[%clk 0:09:55]} 18. Bf4 {[%clk 0:06:41]} Rac8 {[%clk 0:09:01]} 19. h3
{[%clk 0:06:05]} b6 {[%clk 0:05:14]} 20. cxb6 {[%clk 0:06:00]} Qxb6
{[%clk 0:05:05]} 21. Rxd8+ {[%clk 0:05:33]} Rxd8 {[%clk 0:05:06]} 22. Rd1
{[%clk 0:05:17]} Rxd1+ {[%clk 0:05:00]} 23. Nxd1 {[%clk 0:05:26]} Nd5
{[%clk 0:05:06]} 24. Bd2 {[%clk 0:05:16]} Bf6 {[%clk 0:04:12]} 25. Qc1
{[%clk 0:04:37]} Ndb4 {[%clk 0:02:42]} 26. a3 {[%clk 0:04:22]} Nd5
{[%clk 0:02:19]} 27. Qc4 {[%clk 0:04:16]} Nd4 {[%clk 0:02:03]} 28. Nxd4
{[%clk 0:03:55]} Qxd4 {[%clk 0:02:11]} 29. Qc8+ {[%clk 0:03:52]} Kh7
{[%clk 0:02:20]} 30. Qc2+ {[%clk 0:04:00]} Kg8 {[%clk 0:01:24]} 31. Kg2
{[%clk 0:03:55]} Nb6 {[%clk 0:01:28]} 32. Ne3 {[%clk 0:03:04]} Be7
{[%clk 0:01:16]} 33. Bc1 {[%clk 0:03:05]} Qc5 {[%clk 0:00:53]} 34. Qd1
{[%clk 0:02:40]} Nc4 {[%clk 0:00:47]} 35. Nxc4 {[%clk 0:01:39]} Qxc4
{[%clk 0:00:56]} 36. Be3 {[%clk 0:01:25]} Bxa3 {[%clk 0:00:26]} 37. Bxa7
{[%clk 0:01:29]} Bc5 {[%clk 0:00:16]} 38. Bxc5 1/2-1/2

[Event "Russian Championship (Rapid, Men)"]
[Site "Sochi"]
[Date "2018.10.05"]
[Round "3.15"]
[White "Paravyan, David"]
[Black "Dzhumagaliev, Yan"]
[Result "1-0"]
[BlackElo "2454"]
[WhiteElo "2630"]
[LiveChessVersion "1.4.8"]

1. d4 {[%clk 0:15:19]} Nf6 {[%clk 0:15:19]} 2. c4 {[%clk 0:15:28]} e6
{[%clk 0:15:28]} 3. g3 {[%clk 0:15:37]} d5 {[%clk 0:15:01]} 4. Bg2
{[%clk 0:15:46]} Bb4+ {[%clk 0:15:10]} 5. Nd2 {[%clk 0:15:37]} O-O
{[%clk 0:15:05]} 6. Ngf3 {[%clk 0:15:46]} dxc4 {[%clk 0:13:59]} 7. O-O
{[%clk 0:15:54]} c3 {[%clk 0:13:10]} 8. bxc3 {[%clk 0:16:00]} Bxc3
{[%clk 0:13:13]} 9. Rb1 {[%clk 0:16:09]} Nc6 {[%clk 0:12:57]} 10. e3
{[%clk 0:13:04]} Nd5 {[%clk 0:09:52]} 11. Ba3 {[%clk 0:12:41]} Bb4
{[%clk 0:09:23]} 12. Bxb4 {[%clk 0:12:12]} Ndxb4 {[%clk 0:09:32]} 13. Nc4
{[%clk 0:11:32]} Nd5 {[%clk 0:09:27]} 14. Qb3 {[%clk 0:11:14]} Nb6
{[%clk 0:09:24]} 15. Rfc1 {[%clk 0:11:08]} Nxc4 {[%clk 0:08:53]} 16. Qxc4
{[%clk 0:11:16]} a5 {[%clk 0:08:26]} 17. Nd2 {[%clk 0:10:59]} e5 {[%clk 0:04:38]}
18. d5 {[%clk 0:10:59]} Ne7 {[%clk 0:04:47]} 19. Qc5 {[%clk 0:10:03]} c6
{[%clk 0:03:17]} 20. d6 {[%clk 0:09:22]} Nd5 {[%clk 0:03:27]} 21. Nc4
{[%clk 0:09:13]} Nb4 {[%clk 0:02:58]} 22. Nxe5 {[%clk 0:08:54]} b6
{[%clk 0:02:31]} 23. Nxc6 {[%clk 0:07:47]} bxc5 {[%clk 0:01:50]} 24. Nxd8
{[%clk 0:07:55]} Ra6 {[%clk 0:01:58]} 25. Nb7 {[%clk 0:07:51]} Bxb7
{[%clk 0:02:07]} 26. Bxb7 {[%clk 0:08:00]} Rxd6 {[%clk 0:02:11]} 27. Rxc5
{[%clk 0:08:05]} Nxa2 {[%clk 0:02:17]} 28. Rxa5 {[%clk 0:07:59]} Nc3
{[%clk 0:02:26]} 29. Rb3 {[%clk 0:08:03]} Rd1+ {[%clk 0:01:43]} 30. Kg2
{[%clk 0:08:11]} Ne2 {[%clk 0:01:52]} 31. Rb2 {[%clk 0:07:49]} Ng1
{[%clk 0:00:31]} 32. h4 {[%clk 0:06:45]} g6 {[%clk 0:00:41]} 33. Rd5
{[%clk 0:06:27]} Ra1 {[%clk 0:00:44]} 34. Rd7 {[%clk 0:06:25]} Rb8
{[%clk 0:00:47]} 35. Rxf7 {[%clk 0:05:48]} Ne2 {[%clk 0:00:47]} 36. Rc7
{[%clk 0:05:47]} Rg1+ {[%clk 0:00:24]} 37. Kh2 {[%clk 0:05:56]} 1-0

[Event "Russian Championship (Rapid, Men)"]
[Site "Sochi"]
[Date "2018.10.05"]
[Round "3.17"]
[White "Hasangatin, Ramil"]
[Black "Demchenko, Anton"]
[Result "0-1"]
[BlackElo "2620"]
[WhiteElo "2451"]
[LiveChessVersion "1.4.8"]

1. e4 {[%clk 0:15:17]} c5 {[%clk 0:15:19]} 2. Nf3 {[%clk 0:15:26]} d6
{[%clk 0:15:25]} 3. d4 {[%clk 0:15:18]} cxd4 {[%clk 0:15:33]} 4. Qxd4
{[%clk 0:15:26]} Nf6 {[%clk 0:15:26]} 5. Bb5+ {[%clk 0:14:59]} Bd7
{[%clk 0:15:24]} 6. Bxd7+ {[%clk 0:14:50]} Nbxd7 {[%clk 0:15:14]} 7. Nc3
{[%clk 0:14:32]} g6 {[%clk 0:14:55]} 8. e5 {[%clk 0:14:22]} dxe5 {[%clk 0:14:57]}
9. Nxe5 {[%clk 0:14:28]} Bg7 {[%clk 0:13:39]} 10. Nxd7 {[%clk 0:14:30]} Qxd7
{[%clk 0:13:46]} 11. Qxd7+ {[%clk 0:14:28]} Nxd7 {[%clk 0:13:28]} 12. Nd5
{[%clk 0:13:15]} Rc8 {[%clk 0:13:30]} 13. c3 {[%clk 0:13:23]} e6 {[%clk 0:13:13]}
14. Nb4 {[%clk 0:10:01]} Rxc3 {[%clk 0:11:46]} 15. Bh6 {[%clk 0:10:09]} Bxh6
{[%clk 0:10:54]} 16. bxc3 {[%clk 0:10:18]} Ke7 {[%clk 0:10:55]} 17. Rb1
{[%clk 0:05:50]} Rc8 {[%clk 0:10:40]} 18. Rb3 {[%clk 0:05:59]} Nc5
{[%clk 0:10:17]} 19. Ra3 {[%clk 0:05:40]} a6 {[%clk 0:10:16]} 20. O-O
{[%clk 0:05:28]} Bf4 {[%clk 0:04:37]} 21. c4 {[%clk 0:04:39]} Bd6
{[%clk 0:04:23]} 22. Rh3 {[%clk 0:01:16]} Ne4 {[%clk 0:03:59]} 23. Nd3
{[%clk 0:01:13]} Rxc4 {[%clk 0:03:32]} 24. Rb1 {[%clk 0:00:55]} b5
{[%clk 0:03:27]} 25. Rxh7 {[%clk 0:01:02]} Rc2 {[%clk 0:02:45]} 26. Rb2
{[%clk 0:00:17]} Rc3 {[%clk 0:02:53]} 27. Rb3 {[%clk 0:00:18]} Rc2
{[%clk 0:02:30]} 28. Rb2 {[%clk 0:00:27]} Rc4 {[%clk 0:00:42]} 29. Rh3
{[%clk 0:00:24]} Rd4 {[%clk 0:00:51]} 30. Kf1 {[%clk 0:00:18]} g5
{[%clk 0:00:36]} 31. Rc2 {[%clk 0:00:16]} Ra4 {[%clk 0:00:26]} 32. Re3
{[%clk 0:00:20]} Nf6 {[%clk 0:00:18]} 33. Nc1 {[%clk 0:00:14]} Ng4
{[%clk 0:00:22]} 34. Rd3 {[%clk 0:00:17]} Nxh2+ {[%clk 0:00:27]} 35. Kg1
{[%clk 0:00:22]} Ng4 {[%clk 0:00:36]} 36. Rc6 {[%clk 0:00:31]} Bf4
{[%clk 0:00:39]} 37. g3 {[%clk 0:00:16]} Be5 {[%clk 0:00:22]} 38. a3
{[%clk 0:00:13]} Bd4 {[%clk 0:00:27]} 39. Rc2 {[%clk 0:00:21]} Ne5
{[%clk 0:00:35]} 40. Rb3 {[%clk 0:00:28]} Nc4 {[%clk 0:00:40]} 41. Ra2
{[%clk 0:00:29]} Ne5 {[%clk 0:00:35]} 42. Rb4 {[%clk 0:00:32]} Rxb4
{[%clk 0:00:21]} 43. axb4 {[%clk 0:00:41]} Bc3 {[%clk 0:00:18]} 44. Rxa6
{[%clk 0:00:42]} Bxb4 {[%clk 0:00:25]} 45. Na2 {[%clk 0:00:34]} Bc5
{[%clk 0:00:29]} 46. Ra5 {[%clk 0:00:35]} Ng4 {[%clk 0:00:28]} 47. Rxb5
{[%clk 0:00:40]} Bxf2+ {[%clk 0:00:37]} 48. Kg2 {[%clk 0:00:47]} f5
{[%clk 0:00:45]} 49. Nb4 {[%clk 0:00:39]} Kd6 {[%clk 0:00:48]} 50. Nd3
{[%clk 0:00:46]} Bd4 {[%clk 0:00:53]} 51. Ra5 {[%clk 0:00:36]} e5
{[%clk 0:00:32]} 52. Ne1 {[%clk 0:00:17]} Ne3+ {[%clk 0:00:35]} 53. Kf3
{[%clk 0:00:18]} g4+ {[%clk 0:00:28]} 54. Ke2 {[%clk 0:00:24]} Nd5
{[%clk 0:00:31]} 55. Ra6+ {[%clk 0:00:17]} Ke7 {[%clk 0:00:37]} 56. Nd3
{[%clk 0:00:23]} Nc3+ {[%clk 0:00:44]} 57. Kf1 {[%clk 0:00:31]} Ne4
{[%clk 0:00:41]} 58. Kg2 {[%clk 0:00:36]} Nd6 {[%clk 0:00:49]} 59. Nb4
{[%clk 0:00:24]} Ke6 {[%clk 0:00:57]} 60. Nc6 {[%clk 0:00:25]} Be3
{[%clk 0:00:31]} 61. Ra3 {[%clk 0:00:15]} Bg5 {[%clk 0:00:35]} 62. Nb4
{[%clk 0:00:15]} f4 {[%clk 0:00:26]} 63. gxf4 {[%clk 0:00:19]} exf4
{[%clk 0:00:35]} 64. Nd3 {[%clk 0:00:13]} Ne4 {[%clk 0:00:40]} 65. Ra6+
{[%clk 0:00:12]} Kf5 {[%clk 0:00:19]} 66. Ra5+ {[%clk 0:00:19]} Kg6
{[%clk 0:00:28]} 67. Ne5+ {[%clk 0:00:25]} Kh5 {[%clk 0:00:36]} 68. Rb5
{[%clk 0:00:17]} Nd2 {[%clk 0:00:24]} 69. Nf7 {[%clk 0:00:20]} f3+
{[%clk 0:00:29]} 70. Kg1 {[%clk 0:00:20]} Ne4 {[%clk 0:00:37]} 71. Nxg5
{[%clk 0:00:25]} Nxg5 {[%clk 0:00:46]} 72. Kf2 {[%clk 0:00:17]} Kh4
{[%clk 0:00:55]} 73. Rb4 {[%clk 0:00:15]} Kh3 {[%clk 0:00:41]} 74. Kg1
{[%clk 0:00:15]} Kg3 {[%clk 0:00:29]} 75. Rb3 {[%clk 0:00:13]} Ne4
{[%clk 0:00:34]} 76. Ra3 {[%clk 0:00:20]} Kf4 {[%clk 0:00:41]} 77. Kf1
{[%clk 0:00:12]} g3 {[%clk 0:00:38]} 78. Ra8 Nd2+ {[%clk 0:00:27]} 79. Ke1 Ke5
0-1

[Event "Russian Championship (Rapid, Men)"]
[Site "Sochi"]
[Date "2018.10.05"]
[Round "3.19"]
[White "Ivlev, Aleksey"]
[Black "Sarana, Alexey"]
[Result "1/2-1/2"]
[BlackElo "2612"]
[WhiteElo "2387"]
[LiveChessVersion "1.4.8"]

1. d4 {[%clk 0:15:19]} Nf6 {[%clk 0:15:19]} 2. c4 {[%clk 0:15:27]} e6
{[%clk 0:15:28]} 3. Nf3 {[%clk 0:15:36]} d5 {[%clk 0:15:37]} 4. g3
{[%clk 0:15:42]} Bb4+ {[%clk 0:15:45]} 5. Nbd2 {[%clk 0:15:50]} dxc4
{[%clk 0:15:48]} 6. Bg2 {[%clk 0:15:55]} b5 {[%clk 0:15:55]} 7. a4
{[%clk 0:15:58]} c6 {[%clk 0:16:03]} 8. O-O {[%clk 0:16:03]} Bb7 {[%clk 0:16:00]}
9. Qc2 {[%clk 0:15:39]} O-O {[%clk 0:16:03]} 10. b3 {[%clk 0:15:38]} c3
{[%clk 0:14:31]} 11. Nb1 {[%clk 0:15:42]} c5 {[%clk 0:14:39]} 12. Nxc3
{[%clk 0:13:50]} cxd4 {[%clk 0:14:47]} 13. Nxb5 {[%clk 0:13:53]} Nc6
{[%clk 0:12:08]} 14. Bb2 {[%clk 0:13:04]} Rc8 {[%clk 0:11:49]} 15. Qd1
{[%clk 0:11:13]} d3 {[%clk 0:11:32]} 16. exd3 {[%clk 0:11:11]} a6
{[%clk 0:11:26]} 17. Na3 {[%clk 0:10:32]} Qe7 {[%clk 0:10:57]} 18. Nc4
{[%clk 0:10:22]} Rfd8 {[%clk 0:11:03]} 19. Qe2 {[%clk 0:10:16]} Nd7
{[%clk 0:10:52]} 20. d4 {[%clk 0:09:33]} Na5 {[%clk 0:10:35]} 21. Nxa5
{[%clk 0:08:48]} Bxa5 {[%clk 0:10:43]} 22. Ne5 {[%clk 0:08:36]} Nxe5
{[%clk 0:09:48]} 23. Qxe5 {[%clk 0:07:57]} Bxg2 {[%clk 0:09:37]} 24. Kxg2
{[%clk 0:08:03]} Qb7+ {[%clk 0:09:05]} 25. Kg1 {[%clk 0:08:06]} Rd5
{[%clk 0:08:27]} 26. Qe3 {[%clk 0:08:00]} Rb8 {[%clk 0:07:51]} 27. Bc3
{[%clk 0:03:49]} Qxb3 {[%clk 0:07:12]} 28. Bxa5 {[%clk 0:03:40]} Rxa5
{[%clk 0:07:17]} 29. Qxb3 {[%clk 0:03:08]} Rxb3 {[%clk 0:07:26]} 30. Rab1
{[%clk 0:03:14]} Rxb1 {[%clk 0:07:30]} 31. Rxb1 {[%clk 0:03:23]} g5
{[%clk 0:07:35]} 32. Rb4 {[%clk 0:03:30]} h5 {[%clk 0:07:25]} 33. f3
{[%clk 0:02:53]} Rd5 {[%clk 0:06:54]} 34. Kf2 {[%clk 0:02:57]} Kg7
{[%clk 0:06:50]} 35. Ke3 {[%clk 0:03:06]} Kf6 {[%clk 0:06:58]} 36. Ke4
{[%clk 0:03:12]} Ra5 {[%clk 0:07:01]} 37. Rc4 {[%clk 0:02:55]} Ke7
{[%clk 0:07:05]} 38. Rc7+ {[%clk 0:01:42]} Ke8 {[%clk 0:05:50]} 39. Rc4
{[%clk 0:01:22]} Kd7 {[%clk 0:05:58]} 40. Rb4 {[%clk 0:01:19]} Kc6
{[%clk 0:05:51]} 41. Rc4+ {[%clk 0:01:26]} Kd6 {[%clk 0:05:11]} 42. Rb4
{[%clk 0:01:26]} Ke7 {[%clk 0:05:18]} 43. Rb7+ {[%clk 0:01:15]} Kf6
{[%clk 0:05:27]} 44. Rb4 {[%clk 0:01:24]} Kg6 {[%clk 0:05:35]} 45. Rc4
{[%clk 0:01:31]} g4 {[%clk 0:05:41]} 46. f4 {[%clk 0:01:17]} h4 {[%clk 0:05:36]}
47. Rc5 {[%clk 0:00:38]} Rxa4 {[%clk 0:05:41]} 48. Rg5+ {[%clk 0:00:47]} Kh6
{[%clk 0:05:45]} 49. Rxg4 {[%clk 0:00:53]} f5+ {[%clk 0:05:53]} 1/2-1/2

[Event "Russian Championship (Rapid, Men)"]
[Site "Sochi"]
[Date "2018.10.05"]
[Round "3.20"]
[White "Truskavetsky, Alexandr"]
[Black "Esipenko, Andrey"]
[Result "1/2-1/2"]
[BlackElo "2605"]
[WhiteElo "2366"]
[LiveChessVersion "1.4.8"]

1. d4 {[%clk 0:15:17]} Nf6 {[%clk 0:15:18]} 2. c4 {[%clk 0:15:24]} e6
{[%clk 0:15:24]} 3. g3 {[%clk 0:15:30]} Bb4+ {[%clk 0:15:30]} 4. Bd2
{[%clk 0:15:38]} Be7 {[%clk 0:15:36]} 5. Nf3 {[%clk 0:15:43]} d5 {[%clk 0:15:43]}
6. Bg2 {[%clk 0:15:49]} O-O {[%clk 0:15:50]} 7. O-O {[%clk 0:15:50]} Nbd7
{[%clk 0:15:57]} 8. b3 {[%clk 0:15:33]} Ne4 {[%clk 0:15:12]} 9. Nc3
{[%clk 0:15:25]} c6 {[%clk 0:15:14]} 10. Qc2 {[%clk 0:15:15]} Nxd2
{[%clk 0:14:29]} 11. Nxd2 {[%clk 0:14:30]} e5 {[%clk 0:11:17]} 12. cxd5
{[%clk 0:11:00]} exd4 {[%clk 0:11:23]} 13. dxc6 {[%clk 0:09:14]} dxc3
{[%clk 0:11:30]} 14. cxd7 {[%clk 0:09:19]} cxd2 {[%clk 0:11:32]} 15. dxc8=Q
{[%clk 0:09:19]} Rxc8 {[%clk 0:11:38]} 16. Qe4 {[%clk 0:08:45]} b6
{[%clk 0:10:23]} 17. Rad1 {[%clk 0:08:36]} Qd6 {[%clk 0:09:47]} 18. Qe3
{[%clk 0:07:52]} Rc2 {[%clk 0:09:15]} 19. a4 {[%clk 0:06:53]} f5 {[%clk 0:05:49]}
20. Bb7 {[%clk 0:06:27]} Qb4 {[%clk 0:03:45]} 21. Ba6 {[%clk 0:05:52]} g6
{[%clk 0:03:35]} 22. Bd3 {[%clk 0:05:23]} Rb2 {[%clk 0:03:33]} 23. Rb1
{[%clk 0:04:54]} Ra2 {[%clk 0:02:44]} 24. Ra1 {[%clk 0:04:43]} Rxa1
{[%clk 0:02:41]} 25. Rxa1 {[%clk 0:04:52]} Bf6 {[%clk 0:02:44]} 26. Rd1
{[%clk 0:04:48]} Bc3 {[%clk 0:02:27]} 27. Bc4+ {[%clk 0:04:37]} Kg7
{[%clk 0:02:27]} 28. h4 {[%clk 0:04:38]} h5 {[%clk 0:01:19]} 29. Qf3
{[%clk 0:03:10]} Re8 {[%clk 0:01:00]} 30. Qd3 {[%clk 0:02:54]} a5 31. e3 1/2-1/2

[Event "Russian Championship (Rapid, Men)"]
[Site "Sochi"]
[Date "2018.10.05"]
[Round "3.22"]
[White "Morozevich, Alexander"]
[Black "Orlinkov, Maxim L."]
[Result "1-0"]
[BlackElo "2279"]
[WhiteElo "2672"]
[LiveChessVersion "1.4.8"]

1. e4 {[%clk 0:15:18]} d5 {[%clk 0:15:16]} 2. exd5 {[%clk 0:15:25]} Nf6
{[%clk 0:15:24]} 3. Nf3 {[%clk 0:15:32]} Nxd5 {[%clk 0:15:31]} 4. d4
{[%clk 0:15:41]} g6 {[%clk 0:15:37]} 5. c4 {[%clk 0:15:43]} Nb6 {[%clk 0:15:44]}
6. Nc3 {[%clk 0:15:45]} Bg7 {[%clk 0:15:45]} 7. h3 {[%clk 0:15:39]} O-O
{[%clk 0:15:30]} 8. Be3 {[%clk 0:15:47]} Nc6 {[%clk 0:15:25]} 9. Be2
{[%clk 0:15:45]} Re8 {[%clk 0:15:26]} 10. O-O {[%clk 0:10:46]} e5
{[%clk 0:15:16]} 11. d5 {[%clk 0:10:49]} Ne7 {[%clk 0:15:05]} 12. g4
{[%clk 0:10:52]} f5 {[%clk 0:13:44]} 13. Qb3 {[%clk 0:10:37]} e4 {[%clk 0:10:57]}
14. Ng5 {[%clk 0:05:50]} h6 {[%clk 0:09:45]} 15. d6 {[%clk 0:05:59]} cxd6
{[%clk 0:05:39]} 16. c5+ {[%clk 0:06:07]} d5 {[%clk 0:05:47]} 17. cxb6
{[%clk 0:05:30]} hxg5 {[%clk 0:05:51]} 18. bxa7 {[%clk 0:05:39]} f4
{[%clk 0:04:45]} 19. Bb6 {[%clk 0:05:40]} Qd6 {[%clk 0:04:20]} 20. Nxe4
{[%clk 0:05:08]} Qe5 {[%clk 0:04:20]} 21. Nc3 {[%clk 0:04:36]} Be6
{[%clk 0:03:06]} 22. Rfe1 {[%clk 0:04:42]} Nc6 {[%clk 0:01:42]} 23. Bf3
{[%clk 0:04:31]} d4 {[%clk 0:00:58]} 24. Rxe5 {[%clk 0:04:28]} 1-0

[Event "Russian Championship (Rapid, Men)"]
[Site "Sochi"]
[Date "2018.10.05"]
[Round "3.23"]
[White "Kabanov, Nikolai"]
[Black "Tomashevsky, Evgeny"]
[Result "0-1"]
[BlackElo "2726"]
[WhiteElo "2443"]
[LiveChessVersion "1.4.8"]

1. e4 {[%clk 0:15:18]} c6 {[%clk 0:15:19]} 2. d4 {[%clk 0:15:18]} d5
{[%clk 0:15:27]} 3. exd5 {[%clk 0:15:26]} cxd5 {[%clk 0:15:36]} 4. c3
{[%clk 0:15:30]} Nc6 {[%clk 0:15:38]} 5. Bf4 {[%clk 0:15:37]} Bf5
{[%clk 0:15:30]} 6. Nf3 {[%clk 0:15:38]} e6 {[%clk 0:15:37]} 7. Qb3
{[%clk 0:15:45]} Bd6 {[%clk 0:12:55]} 8. Qxb7 {[%clk 0:15:48]} Bxf4
{[%clk 0:13:03]} 9. Qxc6+ {[%clk 0:15:55]} Kf8 {[%clk 0:13:11]} 10. Ne5
{[%clk 0:15:03]} Ne7 {[%clk 0:12:30]} 11. Qa4 {[%clk 0:14:40]} Bxe5
{[%clk 0:12:12]} 12. dxe5 {[%clk 0:14:47]} Qb8 {[%clk 0:12:21]} 13. Qb5
{[%clk 0:13:38]} Qxe5+ {[%clk 0:11:45]} 14. Qe2 {[%clk 0:13:46]} Qf6
{[%clk 0:07:55]} 15. Nd2 {[%clk 0:13:35]} g5 {[%clk 0:07:45]} 16. h4
{[%clk 0:13:09]} gxh4 {[%clk 0:06:34]} 17. Nf3 {[%clk 0:13:07]} Ng6
{[%clk 0:06:35]} 18. Qe3 {[%clk 0:13:05]} Kg7 {[%clk 0:06:25]} 19. g3
{[%clk 0:12:39]} Be4 {[%clk 0:06:09]} 20. Bg2 {[%clk 0:12:19]} hxg3
{[%clk 0:05:48]} 21. fxg3 {[%clk 0:12:16]} Bxf3 {[%clk 0:05:56]} 22. Qh6+
{[%clk 0:10:09]} Kg8 {[%clk 0:05:59]} 23. O-O {[%clk 0:10:14]} Qg7
{[%clk 0:06:04]} 24. Qxg7+ {[%clk 0:10:15]} Kxg7 {[%clk 0:06:12]} 25. Rxf3
{[%clk 0:10:10]} Rhc8 {[%clk 0:06:16]} 26. Re3 {[%clk 0:08:35]} Rab8
{[%clk 0:06:14]} 27. b3 {[%clk 0:08:29]} Rc7 {[%clk 0:05:28]} 28. Bf1
{[%clk 0:08:34]} Ne7 {[%clk 0:05:09]} 29. Rd1 {[%clk 0:08:40]} Nc8
{[%clk 0:03:59]} 30. c4 {[%clk 0:08:31]} Nb6 {[%clk 0:04:08]} 31. cxd5
{[%clk 0:08:18]} Nxd5 {[%clk 0:04:16]} 32. Red3 {[%clk 0:08:08]} Rb4
{[%clk 0:02:42]} 33. Bg2 {[%clk 0:07:53]} Nf6 {[%clk 0:01:49]} 34. Rd4
{[%clk 0:07:49]} a5 {[%clk 0:01:55]} 35. Rxb4 {[%clk 0:07:41]} axb4
{[%clk 0:02:04]} 36. Rd4 {[%clk 0:07:50]} Rc1+ {[%clk 0:02:02]} 37. Kh2
{[%clk 0:07:51]} Rc2 {[%clk 0:02:07]} 38. Rxb4 {[%clk 0:07:58]} Rxa2
{[%clk 0:02:15]} 39. Kh3 {[%clk 0:07:38]} Rb2 {[%clk 0:02:05]} 40. Rb7
{[%clk 0:07:23]} Ne8 {[%clk 0:01:03]} 41. Rb6 {[%clk 0:07:06]} Nf6
{[%clk 0:01:09]} 42. Rb7 {[%clk 0:06:41]} h6 {[%clk 0:01:11]} 43. Bf3
{[%clk 0:06:42]} Nh7 {[%clk 0:00:56]} 44. Kg4 {[%clk 0:06:14]} Rf2
{[%clk 0:00:52]} 45. Be4 {[%clk 0:04:39]} Nf6+ {[%clk 0:01:00]} 46. Bf3 Nh7 0-1

[Event "Russian Championship (Rapid, Men)"]
[Site "Sochi"]
[Date "2018.10.05"]
[Round "3.24"]
[White "Timofeev, Artyom"]
[Black "Sergeyev, Alexander"]
[Result "1-0"]
[BlackElo "2363"]
[WhiteElo "2636"]
[LiveChessVersion "1.4.8"]

1. c4 {[%clk 0:15:17]} c6 {[%clk 0:15:17]} 2. Nf3 {[%clk 0:15:22]} d5
{[%clk 0:15:25]} 3. e3 {[%clk 0:15:30]} Nf6 {[%clk 0:15:32]} 4. Nc3
{[%clk 0:15:38]} g6 {[%clk 0:15:39]} 5. d4 {[%clk 0:15:45]} Bg7 {[%clk 0:15:47]}
6. Bd3 {[%clk 0:15:50]} O-O {[%clk 0:15:54]} 7. O-O {[%clk 0:15:56]} Bg4
{[%clk 0:15:59]} 8. h3 {[%clk 0:15:59]} Bxf3 {[%clk 0:16:06]} 9. Qxf3
{[%clk 0:16:07]} e6 {[%clk 0:16:12]} 10. Rd1 {[%clk 0:16:06]} Nbd7
{[%clk 0:16:14]} 11. b3 {[%clk 0:15:00]} Qa5 {[%clk 0:14:52]} 12. Bb2
{[%clk 0:14:47]} e5 {[%clk 0:14:14]} 13. Bf1 {[%clk 0:14:53]} exd4
{[%clk 0:14:12]} 14. exd4 {[%clk 0:15:01]} Rfe8 {[%clk 0:14:06]} 15. a3
{[%clk 0:15:07]} Qb6 {[%clk 0:11:05]} 16. cxd5 {[%clk 0:13:31]} Qxb3
{[%clk 0:10:43]} 17. dxc6 {[%clk 0:13:38]} bxc6 {[%clk 0:10:36]} 18. Rab1
{[%clk 0:13:44]} Nd5 {[%clk 0:09:13]} 19. Nxd5 {[%clk 0:11:17]} Qxf3
{[%clk 0:09:13]} 20. gxf3 {[%clk 0:11:25]} cxd5 {[%clk 0:09:22]} 21. Bb5
{[%clk 0:11:33]} Red8 {[%clk 0:07:14]} 22. a4 {[%clk 0:10:42]} Nf8
{[%clk 0:03:37]} 23. Bc1 {[%clk 0:09:51]} Ne6 {[%clk 0:03:42]} 24. Be3
{[%clk 0:09:59]} f5 {[%clk 0:03:21]} 25. Bc6 {[%clk 0:09:02]} Rac8
{[%clk 0:03:11]} 26. Bb7 {[%clk 0:08:49]} Rc4 {[%clk 0:01:29]} 27. Rb5
{[%clk 0:08:49]} Rxa4 {[%clk 0:00:36]} 28. Bxd5 {[%clk 0:08:29]} Rxd5
{[%clk 0:00:30]} 29. Rxd5 {[%clk 0:08:37]} f4 {[%clk 0:00:37]} 30. Bd2
{[%clk 0:08:12]} Bxd4 {[%clk 0:00:13]} 31. Rd6 {[%clk 0:07:43]} Ng5
{[%clk 0:00:00]} 1-0